[Event "EU-chT Seniors 50"]
[Site "Walbrzych"]
[Date "2018.04.22"]
[Round "9.1"]
[White "Rooze, Jan"]
[Black "Tuomala, Timo"]
[Result "1-0"]
[WhiteElo "2307"]
[BlackElo "2197"]
[PlyCount "64"]
[EventDate "2018.04.14"]
[EventType "team-swiss"]
[EventRounds "9"]
[EventCountry "POL"]
[SourceTitle "CBM 184 Extra"]
[Source "ChessBase"]
[SourceDate "2018.06.28"]
[SourceVersion "1"]
[SourceVersionDate "2018.06.28"]
[SourceQuality "1"]
[WhiteTeam "Belgium VSF 50"]
[BlackTeam "Finland Culture Chess 50"]
[WhiteTeamCountry "BEL"]
[BlackTeamCountry "FIN"]

1. e4 e6 2. d4 d5 3. Nc3 Nf6 4. e5 Nfd7 5. f4 c5 6. Nf3 Nc6 7. Be3 a6 8. Qd2 b5 9. dxc5 Bxc5 10. Bd3 Qb6 11. Bf2 0-0 12. 0-0 f6 13. Rae1 fxe5 14. fxe5 Bb7 15. Bxc5 Nxc5 16. Kh1 b4 17. Nd1 Ne4 18. Qe3 Qa5 19. Nf2 Ne7 20. Nxe4 dxe4 21. Bxe4 Bxe4 22. Qxe4 Qxa2 23. Qxb4 Ng6 24. Ra1 Qd5 25. Rad1 a5 26. Qa4 Qc5 27. Qe4 Rab8 28. b3 Rb4 29. Qe2 Rbf4 30. Qa6 Nxe5 31. Qxe6+ Kh8 32. Rd5 Ng6 1-0

[Event "EU-chT Seniors 50"]
[Site "Walbrzych"]
[Date "2018.04.18"]
[Round "5.1"]
[White "Roth, Martin"]
[Black "Tuomala, Timo"]
[Result "1/2-1/2"]
[WhiteElo "2008"]
[BlackElo "2197"]
[PlyCount "103"]
[EventDate "2018.04.14"]
[EventType "team-swiss"]
[EventRounds "9"]
[EventCountry "POL"]
[SourceTitle "CBM 184 Extra"]
[Source "ChessBase"]
[SourceDate "2018.06.28"]
[SourceVersion "1"]
[SourceVersionDate "2018.06.28"]
[SourceQuality "1"]
[WhiteTeam "Switzerland Spiez 50"]
[BlackTeam "Finland Culture Chess 50"]
[WhiteTeamCountry "SUI"]
[BlackTeamCountry "FIN"]

1. e4 c5 2. Nc3 Nc6 3. g3 g6 4. Bg2 Bg7 5. d3 d6 6. Nge2 Rb8 7. a4 a6 8. 0-0 e6 9. f4 Nge7 10. Be3 Nd4 11. Bf2 Nec6 12. Rb1 Qa5 13. b3 0-0 14. Be1 Qc7 15. Kh1 Bd7 16. Nxd4 Nxd4 17. Ne2 f5 18. c3 Nxe2 19. Qxe2 Bc6 20. Qc2 b5 21. axb5 axb5 22. Bd2 Qb7 23. Rfe1 Rfc8 24. Bc1 Ra8 25. Re2 Ra6 26. h4 Rca8 27. Kh2 R8a7 28. b4 fxe4 29. dxe4 Qa8 30. Rb2 Ra3 31. Bd2 c4 32. Be1 Kf7 33. Qc1 Qh8 34. Rbc2 Qd8 35. Qe3 Qc7 36. Bh3 R7a6 37. e5 Bd5 38. Rcd2 Qa7 39. Qxa7+ Rxa7 40. Bf2 R7a6 41. Bd4 dxe5 42. fxe5 Bh6 43. Rf2+ Ke8 44. Rde2 Ra1 45. Bg2 Bxg2 46. Kxg2 Rd1 47. g4 Bf8 48. Rd2 Rxd2 49. Rxd2 Be7 50. g5 Ra1 51. Bf2 Ra3 52. Bd4 1/2-1/2

[Event "FIN-chT 1617"]
[Site "Finland"]
[Date "2017.03.10"]
[Round "9.3"]
[White "Tuomala, Timo"]
[Black "Nyysti, Sampsa"]
[Result "0-1"]
[WhiteElo "2188"]
[BlackElo "2363"]
[PlyCount "56"]
[EventDate "2016.09.17"]
[EventType "team-tourn"]
[EventRounds "11"]
[EventCountry "FIN"]
[SourceTitle "EXT 2018"]
[Source "ChessBase"]
[SourceDate "2017.10.13"]
[SourceVersion "1"]
[SourceVersionDate "2017.10.13"]
[SourceQuality "1"]
[WhiteTeam "Helsinki KS 58"]
[BlackTeam "Helsinki Velhot"]
[WhiteTeamCountry "FIN"]
[BlackTeamCountry "FIN"]

1. d4 Nf6 2. Nf3 e6 3. e3 b6 4. Bd3 Bb7 5. 0-0 c5 6. c4 Be7 7. Nc3 cxd4 8. exd4 d6 9. Re1 0-0 10. d5 e5 11. Bc2 Ne8 12. Ne4 Nd7 13. Neg5 g6 14. h4 Ng7 15. h5 Nxh5 16. Nxh7 Kxh7 17. Ng5+ Kg7 18. Bxg6 Bxg5 19. Bxh5 f5 20. f4 exf4 21. Re6 Ne5 22. Qd4 Bc8 23. Bxf4 Bxe6 24. dxe6 Qf6 25. Rd1 Bxf4 26. Qxf4 Qxe6 27. Qg5+ Ng6 28. Rd2 Qe1+ 0-1

[Event "FIN-chT1A 1516"]
[Site "Finland"]
[Date "2015.11.07"]
[Round "4.2"]
[White "Nordlund, Jukka"]
[Black "Tuomala, Timo"]
[Result "1/2-1/2"]
[WhiteElo "2123"]
[BlackElo "2160"]
[PlyCount "71"]
[EventDate "2015.09.12"]
[EventType "team-tourn"]
[EventRounds "8"]
[EventCountry "FIN"]
[SourceTitle "EXT 2017"]
[Source "ChessBase"]
[SourceDate "2016.10.25"]
[SourceVersion "1"]
[SourceVersionDate "2016.10.25"]
[SourceQuality "1"]
[WhiteTeam "Pori PSY"]
[BlackTeam "Helsinki KS 58"]
[WhiteTeamCountry "FIN"]
[BlackTeamCountry "FIN"]

1. d4 d5 2. Bf4 c5 3. e3 Nf6 4. c3 Nc6 5. Nd2 e6 6. Bd3 Bd6 7. Bxd6 Qxd6 8. f4 cxd4 9. cxd4 Nb4 10. Bb1 Bd7 11. a3 Na6 12. Qb3 0-0 13. Ngf3 Nc7 14. 0-0 Bb5 15. Rc1 Ba6 16. Rc5 Rfc8 17. Bd3 Bxd3 18. Qxd3 Nce8 19. Rc2 Rc7 20. Rac1 Rac8 21. Ne5 Qd8 22. Qb3 Nd6 23. Qa4 Rxc2 24. Rxc2 Rxc2 25. Qxc2 Qc8 26. Qxc8+ Nxc8 27. Kf1 Nd6 28. Ke2 Kf8 29. Nd3 Ke7 30. Nc5 b6 31. Nd3 Kd7 32. Ne5+ Kc7 33. Kd3 Nfe8 34. b4 f6 35. Nef3 Nc8 36. Nh4 1/2-1/2

[Event "FIN-chT1A 1415"]
[Site "Finland"]
[Date "2015.01.10"]
[Round "5.2"]
[White "Tuomala, Timo"]
[Black "Ronnqvist, Timo"]
[Result "1-0"]
[WhiteElo "2210"]
[BlackElo "2166"]
[PlyCount "75"]
[EventDate "2014.09.27"]
[EventType "team-tourn"]
[EventRounds "7"]
[EventCountry "FIN"]
[SourceTitle "EXT 2017"]
[Source "ChessBase"]
[SourceDate "2016.10.25"]
[SourceVersion "1"]
[SourceVersionDate "2016.10.25"]
[SourceQuality "1"]
[WhiteTeam "Helsinki KS 58"]
[BlackTeam "Vantaa Remi"]
[WhiteTeamCountry "FIN"]
[BlackTeamCountry "FIN"]

1. Nf3 d5 2. c4 e6 3. d4 Nf6 4. Nc3 Nbd7 5. cxd5 exd5 6. Bg5 Be7 7. e3 h6 8. Bh4 0-0 9. Bd3 Re8 10. 0-0 Nf8 11. Ne5 c5 12. Bb5 N8d7 13. Bxd7 Bxd7 14. dxc5 g5 15. Bg3 Bxc5 16. Nxd7 Qxd7 17. Rc1 Rac8 18. Qb3 h5 19. h4 Qg4 20. Nxd5 Ne4 21. Rc4 Qf5 22. Rxe4 Rxe4 23. hxg5 Qxg5 24. Qxb7 Rd8 25. Nf6+ Qxf6 26. Qxe4 Qxb2 27. Qf5 Be7 28. Qxh5 Bf6 29. Qf5 Bg7 30. a4 Qb4 31. a5 a6 32. Rb1 Qa4 33. Rb7 Qa2 34. Qg5 Rd5 35. Rb8+ Kh7 36. Qh4+ Kg6 37. Rb7 f6 38. Qe4+ 1-0

[Event "FIN-chT1A 1415"]
[Site "Finland"]
[Date "2014.10.18"]
[Round "2.2"]
[White "Peurala, Jussi"]
[Black "Tuomala, Timo"]
[Result "1/2-1/2"]
[WhiteElo "2027"]
[BlackElo "2210"]
[PlyCount "31"]
[EventDate "2014.09.27"]
[EventType "team-tourn"]
[EventRounds "7"]
[EventCountry "FIN"]
[SourceTitle "EXT 2017"]
[Source "ChessBase"]
[SourceDate "2016.10.25"]
[SourceVersion "1"]
[SourceVersionDate "2016.10.25"]
[SourceQuality "1"]
[WhiteTeam "Pori PSY"]
[BlackTeam "Helsinki KS 58"]
[WhiteTeamCountry "FIN"]
[BlackTeamCountry "FIN"]

1. e4 e6 2. d4 d5 3. Nd2 dxe4 4. Nxe4 Nd7 5. Nf3 Ngf6 6. Bg5 Be7 7. Nxf6+ Nxf6 8. Bd3 c5 9. dxc5 Qa5+ 10. c3 Qxc5 11. Qc2 h6 12. Be3 Qa5 13. 0-0 Bd7 14. Rfe1 0-0 15. Qd2 Bb5 16. Bxb5 1/2-1/2

[Event "Bangkok op 14th"]
[Site "Bangkok"]
[Date "2014.04.13"]
[Round "3"]
[White "Balasubramanian, Akshaj"]
[Black "Tuomala, Timo"]
[Result "0-1"]
[WhiteElo "1865"]
[BlackElo "2246"]
[PlyCount "184"]
[EventDate "2014.04.12"]
[EventType "swiss"]
[EventRounds "9"]
[EventCountry "THA"]
[SourceTitle "CBM 159 Extra"]
[Source "ChessBase"]
[SourceDate "2014.04.24"]
[SourceVersion "1"]
[SourceVersionDate "2014.04.24"]
[SourceQuality "1"]

1. e4 e6 2. d4 d5 3. Nc3 Nf6 4. Bg5 dxe4 5. Nxe4 Nbd7 6. Nxf6+ Nxf6 7. Nf3 Be7 8. Bd3 c5 9. dxc5 Qa5+ 10. c3 Qxc5 11. 0-0 0-0 12. Qc2 h6 13. Be3 Qc7 14. Bd4 Bd7 15. Be5 Qc8 16. Rad1 Rd8 17. Bg3 Qc5 18. Ne5 Be8 19. Rfe1 Rac8 20. h3 Qa5 21. Bc4 b5 22. Bb3 b4 23. Rxd8 Bxd8 24. Nc4 Qc5 25. Nd6 Ra8 26. cxb4 Qxb4 27. Rd1 Bb6 28. Nxe8 Rxe8 29. Ba4 Rd8 30. Rxd8+ Bxd8 31. Bb3 Bb6 32. Qc8+ Kh7 33. Qc2+ g6 34. Qe2 Ne4 35. Kh2 Nxg3 36. fxg3 Qd4 37. Qf1 Kg7 38. Qc1 Qf2 39. Bc4 Bd4 40. b4 Be5 41. Qa3 h5 42. Qf3 Qe1 43. h4 Qxb4 44. Qe4 Qc3 45. Qd3 Qe1 46. Qf3 Bd4 47. Qf1 Qe3 48. Kh3 Be5 49. Qf3 Qg1 50. Qf1 Qd4 51. Qe2 Qa1 52. Kh2 Qc3 53. Qd3 Qe1 54. Qf3 a5 55. Qd3 a4 56. Qf3 Qb4 57. Qe2 Qc3 58. Qd3 Qe1 59. Qf3 Bd4 60. Qf1 Qe3 61. Kh3 Be5 62. Qd3 Qg1 63. Qf1 Qd4 64. Qe2 Bd6 65. Bb5 Qa1 66. Kh2 Qd4 67. Qc4 Qe3 68. Qd3 Qxd3 69. Bxd3 f5 70. a3 Bxa3 71. Bc2 Bd6 72. Bxa4 Kf6 73. Be8 Bc5 74. g4 hxg4 75. g3 e5 76. Kg2 Kg7 77. h5 gxh5 78. Bxh5 Kf6 79. Be8 e4 80. Bd7 Ke5 81. Kf1 Bd6 82. Kf2 Kf6 83. Bc8 Kg5 84. Bd7 Bxg3+ 85. Kxg3 f4+ 86. Kg2 e3 87. Bb5 Kh4 88. Be2 Kg5 89. Bd3 f3+ 90. Kg1 Kf4 91. Bf1 g3 92. Bd3 e2 0-1

[Event "FIN-chT1B 1112"]
[Site "Finland"]
[Date "2012.01.14"]
[Round "5.1"]
[White "Laakso, Harri"]
[Black "Tuomala, Timo"]
[Result "1/2-1/2"]
[WhiteElo "2184"]
[BlackElo "2227"]
[PlyCount "28"]
[EventDate "2011.09.17"]
[EventType "team-tourn"]
[EventRounds "7"]
[EventCountry "FIN"]
[SourceTitle "EXT 2019"]
[Source "ChessBase"]
[SourceDate "2018.10.10"]
[SourceVersion "1"]
[SourceVersionDate "2018.10.10"]
[SourceQuality "1"]
[WhiteTeam "Vantaa EtVaS II"]
[BlackTeam "Helsinki KS 58"]
[WhiteTeamCountry "FIN"]
[BlackTeamCountry "FIN"]

1. e4 c5 2. c3 e6 3. d4 d5 4. exd5 exd5 5. Nf3 Nf6 6. Bg5 Be7 7. Bb5+ Bd7 8. Bxd7+ Nbxd7 9. 0-0 0-0 10. Nbd2 Re8 11. Re1 Qb6 12. Qc2 Rac8 13. dxc5 Bxc5 14. Nb3 Bd6 1/2-1/2

[Event "Heart of Finland op 21st"]
[Site "Jyvaskyla"]
[Date "2011.07.15"]
[Round "7"]
[White "Sassi, Pekka"]
[Black "Tuomala, Timo"]
[Result "0-1"]
[WhiteElo "2069"]
[BlackElo "2240"]
[PlyCount "82"]
[EventDate "2011.07.11"]
[EventType "swiss"]
[EventRounds "9"]
[EventCountry "FIN"]
[SourceTitle "CBM 143 Extra"]
[Source "ChessBase"]
[SourceDate "2011.08.29"]
[SourceVersion "1"]
[SourceVersionDate "2011.08.29"]
[SourceQuality "1"]

1. c4 g6 2. g3 Bg7 3. Bg2 c5 4. Nc3 Nc6 5. a3 Nf6 6. Rb1 0-0 7. b4 d6 8. Nf3 Rb8 9. 0-0 Bf5 10. d3 Qd7 11. Be3 Ng4 12. Bd2 b6 13. e4 Be6 14. Ng5 Nge5 15. Be1 Nd4 16. h3 Nec6 17. Nd5 Nd8 18. b5 Bh6 19. Bd2 Bg7 20. f4 h6 21. Nxe6 fxe6 22. Ne3 Nf7 23. Qg4 Kh7 24. Rf2 h5 25. Qd1 Qe8 26. g4 hxg4 27. hxg4 g5 28. f5 Ne5 29. Bc1 Nf7 30. Bf1 Be5 31. fxe6 Nxe6 32. Qf3 Nf4 33. Nf5 Kg6 34. Bb2 e6 35. d4 cxd4 36. Nxd4 Rh8 37. Nc6 Rb7 38. Bc1 Rh4 39. Bxf4 gxf4 40. Bd3 Ng5 41. Bf1 Qh8 0-1

[Event "Thailand op 11th"]
[Site "Pattaya"]
[Date "2011.04.13"]
[Round "4"]
[White "Abdumalik, Zhansaya"]
[Black "Tuomala, Timo"]
[Result "0-1"]
[WhiteElo "1941"]
[BlackElo "2231"]
[PlyCount "76"]
[EventDate "2011.04.11"]
[EventType "swiss"]
[EventRounds "9"]
[EventCountry "THA"]
[SourceTitle "CBM 141 Extra"]
[Source "ChessBase"]
[SourceDate "2011.05.03"]
[SourceVersion "1"]
[SourceVersionDate "2011.05.03"]
[SourceQuality "1"]

1. e4 c5 2. Nf3 a6 3. Nc3 Nc6 4. d4 cxd4 5. Nxd4 e5 6. Nf5 d6 7. Ne3 Nf6 8. Ned5 Nxd5 9. Nxd5 Be6 10. c3 Be7 11. Be3 0-0 12. Bc4 b5 13. Bb3 Rb8 14. 0-0 Na5 15. f4 Nc4 16. Bxc4 bxc4 17. Nxe7+ Qxe7 18. f5 Bc8 19. f6 Qe6 20. fxg7 Re8 21. Rf2 Qg6 22. Qd5 Bb7 23. Qxc4 Rbc8 24. Qe2 Qxe4 25. Qd2 Re6 26. Raf1 Rg6 27. Re1 Qc4 28. a3 f5 29. Bg5 f4 30. Be7 Qc5 31. Bf8 Bxg2 32. h4 Bf3+ 33. Kh2 e4 34. Qc2 Qh5 35. Rxf3 exf3 36. Qb3+ d5 37. Be7 Rg2+ 38. Kh1 Qf5 0-1